00345nam a2200109Ia 4500008004100000041000800041100001900049245009600068260003300164300000800197700003000205250110s9999 xx 000 0 und d aeng aKale Vashali G aLandscape Development For Proposed Hindu Funeral Sites And Associated Open Spaces At Dapodi bM Arch Landscape, Punec2012 a60p aGuide Name:Divekar Asmita